|
|
|
|
| LEADER |
02975nam a22003973i 4500 |
| 001 |
EBC5982478 |
| 003 |
MiAaPQ |
| 005 |
20231204023214.0 |
| 006 |
m o d | |
| 007 |
cr cnu|||||||| |
| 008 |
231204s2019 xx o ||||0 eng d |
| 020 |
|
|
|a 9783030320867
|q (electronic bk.)
|
| 020 |
|
|
|z 9783030320850
|
| 035 |
|
|
|a (MiAaPQ)EBC5982478
|
| 035 |
|
|
|a (Au-PeEL)EBL5982478
|
| 035 |
|
|
|a (OCoLC)1135667057
|
| 040 |
|
|
|a MiAaPQ
|b eng
|e rda
|e pn
|c MiAaPQ
|d MiAaPQ
|
| 050 |
|
4 |
|a HV6001-7220.5
|
| 100 |
1 |
|
|a Johnson, David T.
|
| 245 |
1 |
4 |
|a The Culture of Capital Punishment in Japan.
|
| 250 |
|
|
|a 1st ed.
|
| 264 |
|
1 |
|a Cham :
|b Springer International Publishing AG,
|c 2019.
|
| 264 |
|
4 |
|c Ã2020.
|
| 300 |
|
|
|a 1 online resource (139 pages)
|
| 336 |
|
|
|a text
|b txt
|2 rdacontent
|
| 337 |
|
|
|a computer
|b c
|2 rdamedia
|
| 338 |
|
|
|a online resource
|b cr
|2 rdacarrier
|
| 490 |
1 |
|
|a Palgrave Advances in Criminology and Criminal Justice in Asia Series
|
| 505 |
0 |
|
|a Intro -- Preface -- Acknowledgements -- Praise for The Culture of Capital Punishment in Japan -- Contents -- Chapter 1 Why Does Japan Retain Capital Punishment? -- Abstract -- The Puzzle of Japanese Retention -- The Politics of Japanese Retention -- Does the Death Penalty Deter Homicide in Japan? -- Conclusion -- Chapter 2 Is Death Different? Two Ways Law Can Fail -- Abstract -- Is Japan Careful About Capital Punishment? -- "Death Is Different" in the United States -- Death Is Not Different in Japan -- Two Ways Law Can Fail -- Chapter 3 When the State Kills in Secret -- Abstract -- Occupation Truths -- Hanging on Trial -- Problems and Paradoxes -- Chapter 4 Wrongful Convictions and the Culture of Denial -- Abstract -- Wrongful Convictions in America and Europe -- Wrongful Convictions in Japan -- Structural Reforms -- A Culture of Denial -- Toxic to Justice -- Chapter 5 Capital Punishment and Lay Participation -- Abstract -- A Stone into the Pond? -- Dogs That Do Not Bark -- Victims and the Myth of Closure -- Victims and the Culture of Vengeance -- Entrenchment or Change? -- Chapter 6 The Death Penalty and Democracy -- Abstract -- On Public Opinion and Capital Punishment -- Two Qualifications -- On Democracy -- The Japanese Military and State Killing -- Imagining Abolition -- Life After Death -- Index.
|
| 588 |
|
|
|a Description based on publisher supplied metadata and other sources.
|
| 590 |
|
|
|a Electronic reproduction. Ann Arbor, Michigan : ProQuest Ebook Central, 2023. Available via World Wide Web. Access may be limited to ProQuest Ebook Central affiliated libraries.
|
| 655 |
|
4 |
|a Electronic books.
|
| 776 |
0 |
8 |
|i Print version:
|a Johnson, David T.
|t The Culture of Capital Punishment in Japan
|d Cham : Springer International Publishing AG,c2019
|z 9783030320850
|
| 797 |
2 |
|
|a ProQuest (Firm)
|
| 830 |
|
0 |
|a Palgrave Advances in Criminology and Criminal Justice in Asia Series
|
| 856 |
4 |
0 |
|u https://ebookcentral.proquest.com/lib/matrademy/detail.action?docID=5982478
|z Click to View
|